U.S. States by Election Winning Percentage (Bad) - Statistics

General Stats
  • This quiz has been taken 104 times
    80 since last reset
  • The average score is 8 of 12
Answer Stats
Winning Percentage State % Correct
.500 Alabama
82%
.510 Mississippi
82%
.554 South Carolina
79%
.617 Arkansas
76%
.589 Georgia
75%
.571 Texas
75%
.563 Alaska
72%
.467 Washington D.C.
69%
.625 Hawaii
64%
.596 Kentucky
64%
.576 South Dakota
40%
.614 Delaware
37%
No matching quizzes found
Score Distribution
Percent of People with Each Score
Percentile by Number Answered
Your Score History
You have not taken this quiz since the last reset